Efecto de la temperatura durante el llenado del grano sobre la composición de ácidos grasos en girasol /

Guardado en:
Autor Principal: Ledesma G., Matías F.
Autor Corporativo: Universidad Nacional del Sur. Departamento de Agronomía.
Otros Autores: Presotto, Alejandro, (tutor.)
Formato: Libro
Idioma:Spanish
Publicado: Bahía Blanca, 2017.
Etiquetas: Agregar Etiqueta
Sin Etiquetas, Sea el primero en etiquetar este registro!
LEADER 00747nam a22001695a 4500
001 EEA.libagro010946
005 20181010091429.0
008 180306s2017####ag#a##########000#0#spa#d
082 0 4 |a 633.85 
100 1 |a Ledesma G., Matías F. 
245 1 0 |a Efecto de la temperatura durante el llenado del grano sobre la composición de ácidos grasos en girasol /  |c Matías F. Ledesma G. 
260 |a Bahía Blanca,  |c 2017. 
300 |a 30 h. :  |b il. col. ;  |c 30 cm. 
500 |a Trabajo de intensificación (Ingeniero Agrónomo) -- Universidad Nacional del Sur. Departamento de Agronomía, 2017. 
700 1 |a Presotto, Alejandro,  |e tutor. 
710 2 |a Universidad Nacional del Sur.  |b Departamento de Agronomía. 
859 |a AR-BbBCA  |b BIB. AGRONOMIA  |h 633.85  |i L473  |p 2018/6874